000 00267nam a2200097Ia 4500
001 994746
005 20250826221433.0
008 250824s9999 xx 000 0 und d
245 0 _aHİÇBİR KARŞILAŞMA TESADÜF DEĞİLDİR
_cHAKAN MENGÜÇ
260 _bDESTEK YAYINLARI
999 _c994746
_d994746